PRACTICAL BOOK OF PHARMACOGNOSY FOR D PHARMA [1ST YEAR DIPLOMA IN PHARMACY] (Record no. 8785)

MARC details
000 -LEADER
fixed length control field 00431nam a22001577a 4500
005 - DATE AND TIME OF LATEST TRANSACTION
control field 20250904132548.0
008 - FIXED-LENGTH DATA ELEMENTS--GENERAL INFORMATION
fixed length control field 250904b |||||||| |||| 00| 0 eng d
020 ## - INTERNATIONAL STANDARD BOOK NUMBER
ISBN 978-81-985523-0-3
041 ## - LANGUAGE CODE
Language code of text/sound track or separate title eng
100 ## - MAIN ENTRY--AUTHOR NAME
Personal name KUMAR, N
245 ## - TITLE STATEMENT
Title PRACTICAL BOOK OF PHARMACOGNOSY FOR D PHARMA [1ST YEAR DIPLOMA IN PHARMACY]
260 ## - PUBLICATION, DISTRIBUTION, ETC. (IMPRINT)
Place of publication DELHI
Name of publisher AITBS PUBLISHERS INDIA
Year of publication 2026
300 ## - PHYSICAL DESCRIPTION
Number of Pages 113;P
650 ## - SUBJECT ADDED ENTRY--TOPICAL TERM
Topical Term PHARMACY
942 ## - ADDED ENTRY ELEMENTS (KOHA)
Koha item type Books
Holdings
Lost status Damaged status Collection code Home library Current library Shelving location Date acquired Source of acquisition Accession Number Koha item type
    PHARMACY JRU Library JRU Library NEW ARRIVAL SHELF 04/09/2025 DONATION 0064/D Books